000 00718nam a2200217Ia 4500
003 GCL
005 20240530104050.0
008 140319s9999 xx 000 0 ara d
040 _aGCL /
_cGCL
082 0 4 _a954
_bم هـ
100 1 _aمحمد مرسى ابوالليل
245 1 0 _aالهند :
_bتاريخها وتقاليدها وجغرافيتها /
_cمحمد مرسى ابوالليل
260 _aالقاهرة :
_bمؤسسة سجل العرب ،
_c1965
300 _a286 ص؛
_c24 سم
490 _aالالف كتاب
_v549
650 0 4 _aالهند
650 0 4 _aالهند
_xتاريخ
650 0 4 _aالهند
_xعادات وتقاليد
650 0 4 _aالهند
_xجغرافيا
942 _2ddc
_cBK
999 _c44375
_d44375